|
|
|
|
| LEADER |
00000cam a2200000 7i4500 |
| 001 |
0000054953 |
| 005 |
20220105105355.0 |
| 008 |
151112 |
| 020 |
|
|
|a 9830601838
|
| 090 |
0 |
0 |
|a AD
|b MAL
|
| 100 |
1 |
|
|a Muhamad Sobri Bin Jaafar
|
| 245 |
1 |
0 |
|a Pondok buruk di atas bukit
|c Muhamad Sobri Bin Jaafar
|
| 260 |
|
|
|a Pertaling Jaya :
|b Hasrat Murni ,
|c 2003
|
| 300 |
|
|
|a 60pg. :
|b ill.
|
| 490 |
1 |
|
|a Saya anak Malaysia
|
| 500 |
|
|
|a Children ages 7-9 years old (orange)
|
| 650 |
|
0 |
|a Children's story, Malay
|
| 999 |
|
|
|a 0000883303
|b Book
|c Children Collection
|e Cawangan Segamat
|
| 999 |
|
|
|a 0000883304
|b Book
|c Children Collection
|e Cawangan Segamat
|
| 999 |
|
|
|a 0000883305
|b Book
|c Children Collection
|e Cawangan Segamat
|
| 999 |
|
|
|a 0000918429
|b Book
|c Children Collection
|e Cawangan Bukit Gambir
|
| 999 |
|
|
|a 0000918430
|b Book
|c Children Collection
|e Cawangan Bukit Gambir
|
| 999 |
|
|
|a 0000918431
|b Book
|c Children Collection
|e Cawangan Bukit Gambir
|
| 999 |
|
|
|a 0000928661
|b Book
|c Adult Collection
|e Cawangan Tangkak
|